Studies in Partial Differential Equations

Saved in:
Bibliographic Details
Other Authors: Littman, Walter (Editor), Caffarelli, Luis A.
Format: Book
Language:English
Published: [Washington, D.C.] : Mathematical Association of America, c1982.
Series:Studies in mathematics (Mathematical Association of America) ; 23
Subjects:
Tags: Add Tag
No Tags, Be the first to tag this record!

MARC

LEADER 00000cam a2200000 i 4500
001 1/55178
008 941103s1982 us ||| | eng||
020 |a 0883851253 
035 |l 10045214 
035 |a 1993  |c ΦΛΕΣΣΑΣ 
040 |a GR-MyUA  |b gre  |e AACR2 
041 0 |a eng 
082 0 |a 515.353   |2 (19) 
245 1 0 |a Studies in Partial Differential Equations /   |c Walter Littman, editor ; Luis A. Caffarelli ... [et al.].  
260 |a [Washington, D.C.] :   |b Mathematical Association of America,   |c c1982.  
300 |a xiii, 268 σ. :   |b εικ. ;   |c 21 εκ.  
490 1 |a (Studies in mathematics (Mathematical Association of America)   |v ; 23) 
504 |a Περιέχει βιβλιογραφικές αναφορές και ευρετήριο.  
650 0 0 |a Differential equations, Partial. 
700 1 |a Littman, Walter,  |e edt 
700 1 |a Caffarelli, Luis A. 
830 0 |a Studies in mathematics (Mathematical Association of America)  |v  ; 23 
852 |a INST  |b SAMOS  |e 19941103  |h 515.353 STU  |p 005300003259  |q 005300003259  |t BK  |y 0 
909 |a Σ  |b 030918